000 02194cam a22002294a 4500
005 20250605164123.0
008 250528s ||||||||||||||||||||||||d
035 _a18364
020 _a71133461
040 _aGR-AtMCL
_bgre
_dGR-AtMCL
_eAACR2
245 1 _aInternational Management / Second Edition
250 _a2nd
260 _bMcgraw Hill, Inc,
_c1994
300 _a544
505 0 _aPreface, An Overall Perspective of International Management, Worldwide Developments, Foundations for International Management, The Cultural Context for International Management, Managing Across Cultures, Strategies and Functions of Managing International Organizations, Strategic Planning, Managing Political Risk and Negotiations, Organizing International Operations, Decision Making and Controlling, Functions of International Human Resources Management, Personnel Selection and Repatriation, Training and Organization Development, Labor Relations and Industrial Democracy, Managing People in International Organizations, Communication, Motivating Human Resources, Leading Human Resources, International Management Horizons, Ethics and Social Responsibility, Future of International Management, References, Glossary, Index.
520 _aPreface, An Overall Perspective of International Management, Worldwide Developments, Foundations for International Management, The Cultural Context for International Management, Managing Across Cultures, Strategies and Functions of Managing International Organizations, Strategic Planning, Managing Political Risk and Negotiations, Organizing International Operations, Decision Making and Controlling, Functions of International Human Resources Management, Personnel Selection and Repatriation, Training and Organization Development, Labor Relations and Industrial Democracy, Managing People in International Organizations, Communication, Motivating Human Resources, Leading Human Resources, International Management Horizons, Ethics and Social Responsibility, Future of International Management, References, Glossary, Index.
700 1 _aHodgetts Richard M
_9970
700 1 _aLuthans Fred
_91021
942 _cBK
999 _c3726
_d3726